Η βασιλική εκτροπή από τον κοινοβουλευτισμό του Ιουλίου του 1965

Αποθηκεύτηκε σε:
Λεπτομέρειες βιβλιογραφικής εγγραφής
Κύριος συγγραφέας: Meynaud, Jean
Μορφή: Βιβλίο
Γλώσσα:Greek
Δημοσίευση: Αθήνα : Μπάυρον, 1965
Ετικέτες: Προσθήκη ετικέτας
Δεν υπάρχουν, Καταχωρήστε ετικέτα πρώτοι!

MARC

LEADER 00000nam a2200000 i 4500
001 1/50560
008 960410s1965 gre d
035 |l 10027024 
040 |a GR-MY-UA  |b gre  |e aacr 
041 0 |a gre 
082 0 |a 324.2495 
100 1 |a Meynaud, Jean. 
245 1 2 |a Η βασιλική εκτροπή από τον κοινοβουλευτισμό του Ιουλίου του 1965 /  |c J.Meynaud 
260 |a Αθήνα :   |b Μπάυρον,   |c 1965 
300 |a 195 σ. 
852 |a INST  |b CHIOS  |e 19960410  |h 324.2495 MEY  |p 005200005855  |q 005200005855  |t BK  |y 0 
852 |a INST  |b CHIOS  |e 19960410  |h 324.2495 MEY  |p 005200005856  |q 005200005856  |t BK  |y 0 
852 |a INST  |b CHIOS  |e 19960410  |h 324.2495 MEY  |p 005200005857  |q 005200005857  |t BK  |y 0 
852 |a INST  |b CHIOS  |e 19960410  |h 324.2495 MEY  |p 005200005858  |q 005200005858  |t BK  |y 0 
852 |a INST  |b CHIOS  |e 19960410  |h 324.2495 MEY  |p 005200005859  |q 005200005859  |t BK  |y 0 
909 |a Χ  |b 002787 
909 |a Χ  |b 002775 
909 |a Χ  |b 002789 
909 |a Χ  |b 002777 
909 |a Χ  |b 002781